Water treatment: (Record no. 42618)
[ view plain ]
| 000 -LEADER | |
|---|---|
| fixed length control field | 00541nam a22001577a 4500 |
| 008 - FIXED-LENGTH DATA ELEMENTS--GENERAL INFORMATION | |
| fixed length control field | 230613b |||||||| |||| 00| 0 eng d |
| 040 ## - CATALOGING SOURCE | |
| Original cataloging agency | National Science Library |
| Transcribing agency | National Science Library |
| 080 ## - UNIVERSAL DECIMAL CLASSIFICATION NUMBER | |
| Universal Decimal Classification number | 628.16 |
| Item number | L1 |
| 100 ## - MAIN ENTRY--PERSONAL NAME | |
| Personal name | James, G V |
| 9 (RLIN) | 11543 |
| 245 ## - TITLE STATEMENT | |
| Title | Water treatment: |
| Remainder of title | A survey of current methods of purifying domestic supplies and of treating industrial effluents and domestic sewage |
| 250 ## - EDITION STATEMENT | |
| Edition statement | 4th ed. |
| 260 ## - PUBLICATION, DISTRIBUTION, ETC. | |
| Place of publication, distribution, etc. | Scotland: |
| Name of publisher, distributor, etc. | Technical Press, |
| Date of publication, distribution, etc. | 1971 |
| 300 ## - PHYSICAL DESCRIPTION | |
| Extent | viii, 311p. |
| 650 ## - SUBJECT ADDED ENTRY--TOPICAL TERM | |
| Topical term or geographic name entry element | Science |
| 942 ## - ADDED ENTRY ELEMENTS (KOHA) | |
| Source of classification or shelving scheme | Universal Decimal Classification |
| Koha item type | Books |
| Withdrawn status | Lost status | Source of classification or shelving scheme | Damaged status | Not for loan | Home library | Current library | Shelving location | Date acquired | Total Checkouts | Full call number | Barcode | Date last seen | Price effective from | Koha item type |
|---|---|---|---|---|---|---|---|---|---|---|---|---|---|---|
| Universal Decimal Classification | National Science Library | National Science Library | GF/Rk-13/C-17/R-1 | 22/10/1971 | 628.16 L1 | 41812 | 13/06/2023 | 22/10/1971 | Books |